Acta de sesiòn ordinaria 4ta. del 12 de octubre del 2012. Asunto : Plan de Alfabetización y anteproyecto de presupuesto 2013 (Record no. 9109)
[ view plain ]
| 000 -LEADER | |
|---|---|
| campo de control de longitud fija | 00533nam a2200133Ia 4500 |
| 001 - NÚMERO DE CONTROL | |
| campo de control | 3110 |
| 008 - DATOS DE LONGITUD FIJA--INFORMACIÓN GENERAL | |
| campo de control de longitud fija | 241024s9999 xx 000 0 und d |
| 082 ## - NÚMERO DE LA CLASIFICACIÓN DECIMAL DEWEY | |
| Número de clasificación | RD/370.97293/R426a/4/2012 |
| 100 ## - ENTRADA PRINCIPAL--NOMBRE DE PERSONA | |
| Nombre de persona | República Dominicana.Ministerio de Educación,MINERD. Consejo Nacional de Educación.CNE |
| 245 #0 - MENCIÓN DEL TÍTULO | |
| Título | Acta de sesiòn ordinaria 4ta. del 12 de octubre del 2012. Asunto : Plan de Alfabetización y anteproyecto de presupuesto 2013 |
| 260 ## - PUBLICACIÓN, DISTRIBUCIÓN, ETC. | |
| Nombre del editor, distribuidor, etc. | Santo Domingo, República Dominicana |
| Fecha de publicación, distribución, etc. | 2012 |
| 901 ## - ELEMENTOS DE DATOS A LOCAL LDA (RLIN) | |
| a | 5/8/2013 11:43:23 a.m. |
No items available.